Vista normal Vista MARC
  • Jacobo Vanderherden

Entrada Personal Name

Número de registros utilizados en: 1

001 - CONTROL NUMBER

  • control field: 26543

003 - CONTROL NUMBER IDENTIFIER

  • control field: ES-SlBCS

005 - DATE AND TIME OF LATEST TRANSACTION

  • control field: 20260603073221.0

008 - FIXED-LENGTH DATA ELEMENTS

  • fixed length control field: 260603|| aca||aabn | a|a d

040 ## - CATALOGING SOURCE

  • Original cataloging agency: ES-SlBCS
  • Transcribing agency: ES-SlBCS

100 ## - HEADING--PERSONAL NAME

  • Personal name: Jacobo Vanderherden

670 ## - SOURCE DATA FOUND

  • Source citation: Work cat.: (ES-SlBCS)18473: Gervasio María de Uvinthuysen 24003, Oracion funebre,, , 1769

Bibliotecas Dominicos Provincia Hispania, 2016

Con tecnología Koha